College Football Programs by Win%: BIG TEN - Statistics

General Stats
  • This quiz has been taken 33 times
  • The average score is 13 of 18
Answer Stats
Win % Team % Correct
73.77 Ohio State
100%
73.26 Michigan
97%
42.27 Indiana
76%
69.57 USC
76%
69.01 Penn State
72%
50.30 Illinois
69%
57.24 Minnesota
69%
44.75 Northwestern
69%
51.23 Purdue
69%
49.29 Rutgers
69%
58.35 UCLA
69%
54.43 Iowa
66%
59.86 Michigan State
66%
58.11 Oregon
66%
51.77 Maryland
62%
67.61 Nebraska
62%
58.30 Wisconsin
62%
61.63 Washington
59%
No matching quizzes found
Score Distribution
Percent of People with Each Score
Percentile by Number Answered
Your Score History
You have not taken this quiz